Gran Galà del calcio AIC 2022 - Statistics

Statistiche generali
  • Questo quiz è stato fatto 196 volte
  • Il punteggio medio è 15 su 17
Statistiche sulle risposte
Categoria Nazione Squadra Calciatore % Corretto
Squadra dell'anno: Portiere Francia Milan Mike Maignan
100%
Squadra dell'anno: Attaccante Italia Lazio Ciro Immobile
98%
Squadra dell'anno: Attaccante Serbia Fiorentina / Juventus Dušan Vlahović
98%
Squadra dell'anno: Attaccante Portogallo Milan Rafael Leão
98%
Squadra dell'anno: Centrocampista Italia Inter Nicolò Barella
97%
Migliore calciatore assoluto Portogallo Milan Rafael Leão
97%
Squadra dell'anno: Centrocampista Serbia Lazio Sergej Milinković-Savić
97%
Migliore allenatore Italia Milan Stefano Pioli
97%
Squadra dell'anno: Difensore Italia Napoli Giovanni Di Lorenzo
96%
Squadra dell'anno: Difensore Francia Milan Theo Hernández
95%
Squadra dell'anno: Difensore Brasile Torino Gleison Bremer
94%
Squadra dell'anno: Difensore Inghilterra Milan Fikayo Tomori
91%
Squadra dell'anno: Centrocampista Croazia Inter Marcelo Brozović
91%
Miglior società - - Milan
89%
Gol dell'anno Francia Milan Theo Hernández
85%
Migliore arbitro - - Daniele Orsato
53%
Migliore calciatore della Serie B Italia Frosinone Federico Gatti
21%
Nessun quiz corrispondente trovato
Distribuzione punteggi
Percentuale di utenti per punteggio
Percentile per numero di risposta
I tuoi punteggi nel tempo
Non hai fatto questo quiz